Normatividad ambiental, conservación y manejo de los recursos naturales (Registro nro. 4200)

Detalles MARC
000 -CABECERA
Campo de control 00820nam a2200217 a 4500
005 - FECHA Y HORA DE LA ULTIMA TRANSACCION
Campo de control 20171129115446.0
008 - ELEMENTOS DE LONGITUD FIJA—INFORMACION GENERAL
Campo de control 140314b2000 ck o|||fr|||| 00| 0 spa d
040 ## - FUENTE DE CATALOGACIÓN
Agencia catalogadora original CO-BoIAVH
Agencia transcriptora CO-BoIAVH
041 0# - IDIOMA
Código de idioma para texto/pista de sonido o título separado Español
044 ## - PAÍS DE PUBLICACIÓN
País de publicación Colombia
082 04 - NUMERO DE CLASIFICACION DECIMAL DEWEY
Número de clasificación 344.0957
Número del ítem N85c
110 2# - ASIENTO PRINCIPAL--NOMBRE CORPORATIVO
Nombre corporativo o de jurisdicción como elemento de entrada Corporación Autónoma Regional del Guavío
9 (RLIN) 3477
245 10 - MENCION DE TITULO
Título Normatividad ambiental, conservación y manejo de los recursos naturales
260 ## - PUBLICACION, DISTRIBUCION, ETC. (PIE DE IMPRENTA)
Lugar de publicación, distribución, etc. Gachalá, (Guaviare, Colombia) :
Nombre del editor, distribuidor, etc. Corpoguavío ;
Fecha de publicación, distribución, etc. [s.f.].
300 ## - DESCRIPCION FISICA
Extensión 23 páginas :
Otros detalles físicos Fotografías a color ;
Dimensiones 28 x 22 cm.
504 ## - NOTA DE BIBLIOGRAFIA, ETC.
Nota de bibliografía Incluye referencias bibliográficas.
650 26 - ASIENTO SECUNDARIO DE MATERIA - TERMINO TEMATICO
Término temático o nombre geográfico como elemento de entrada Protección ambiental
Subdivisión general Normatividad
Subdivisión geográfica Colombia
9 (RLIN) 87500
650 26 - ASIENTO SECUNDARIO DE MATERIA - TERMINO TEMATICO
Término temático o nombre geográfico como elemento de entrada Recursos naturales
Subdivisión general Normatividad
Subdivisión geográfica Colombia
9 (RLIN) 87501
650 26 - ASIENTO SECUNDARIO DE MATERIA - TERMINO TEMATICO
Término temático o nombre geográfico como elemento de entrada Política ambiental
Subdivisión geográfica Colombia
9 (RLIN) 87502
942 ## - ELEMENTOS ADICIONALES (KOHA)
Tipo de ítem Folleto
Sistema de clasificación Dewey Decimal Classification
Existencias
Withdrawn status Lost status Sistema de Clasificación Damaged status No para préstamo Colección Inventariado Ubicación Permanente Ubicación actual Fecha de adquisición Fuente de Valor Total Checkouts Número topográfico Inventario / Código de Barras Date last seen Ejemplar Price effective from Forma de adquisición Tipo de material
    Dewey Decimal Classification     General Inventariado 2017 Sala Fabio Quevedo Sala Fabio Quevedo 13/10/2004 Falla, Patricia   LB-344.0957 N85c 016813 04/12/2012 Ej. 1 04/12/2012 Donación Folleto